| 000 | 00859nam a2200229Ii 4500 | ||
|---|---|---|---|
| 003 | JO-AjNU | ||
| 008 | 230605s9999||||xx |||||||||||||| ||und|| | ||
| 017 | _a2001/2548 | ||
| 020 | _a977-04-3281-4 | ||
| 040 |
_aJO-AjNU _bara _erda _cJO-AjNU |
||
| 041 | _aara | ||
| 050 | 1 | 4 | _aK564.2012 |
| 100 | 3 |
_aرمضان، مدحت عبد الحليم , _eauthor _944723 |
|
| 245 | 0 | 0 | _aالحماية الجنائية للتجارة الإلكترونية " دراسة مقارنة " |
| 250 | _a(د،ط) | ||
| 264 | 3 | 1 | _aالقاهرة : دار النهضة العربية ، 2012 |
| 300 | _a174ص | ||
| 336 |
_atext _btxt _2rdacontent |
||
| 337 |
_aunmediated _bn _2rdamedia |
||
| 338 |
_avolume _bnc _2rdacarrier |
||
| 650 | 4 |
_aالقانون التجاري -- مصر -- التجارة الالكترونية -- قوانين وتشريعات -- مصر _944724 |
|
| 999 |
_aA19332 _c22900 _d22900 |
||